[Event "Mittelfranken Landesliga Sued 2122"]
[Site "Mittelfranken"]
[Date "2022.06.26"]
[Round "3.2"]
[White "Boettger, Lukas"]
[Black "Motl, Martin"]
[Result "1/2-1/2"]
[WhiteElo "2233"]
[BlackElo "2171"]
[PlyCount "49"]
[EventDate "2021.10.24"]
[EventType "team-tourn"]
[EventRounds "9"]
[EventCountry "GER"]
[SourceTitle "EXT 2024"]
[Source "ChessBase"]
[SourceDate "2023.10.10"]
[SourceVersion "1"]
[SourceVersionDate "2023.10.10"]
[SourceQuality "1"]
[WhiteTeam "Haunstetten"]
[BlackTeam "Muenchen Zugzwang II"]
[WhiteTeamCountry "GER"]
[BlackTeamCountry "GER"]

1. d4 Nf6 2. c4 e6 3. Nc3 Bb4 4. e3 0-0 5. Nge2 d5 6. a3 Be7 7. cxd5 exd5 8. Nf4 c6 9. Bd3 Re8 10. 0-0 Nbd7 11. f3 Nf8 12. Bd2 c5 13. Bc2 cxd4 14. exd4 Ne6 15. Nxe6 Bxe6 16. Be3 Rc8 17. Qd2 Nd7 18. Ba4 a6 19. f4 f6 20. Qd3 b5 21. Bc2 f5 22. Rae1 Nf6 23. Bd2 Ne4 24. Bb3 Bf6 25. Be3 1/2-1/2

[Event "Mittelfranken Landesliga Sued 2122"]
[Site "Mittelfranken"]
[Date "2022.05.15"]
[Round "5.3"]
[White "Juptner, Jan"]
[Black "Boettger, Lukas"]
[Result "1/2-1/2"]
[WhiteElo "2347"]
[BlackElo "2233"]
[PlyCount "51"]
[EventDate "2021.10.24"]
[EventType "team-tourn"]
[EventRounds "9"]
[EventCountry "GER"]
[SourceTitle "EXT 2024"]
[Source "ChessBase"]
[SourceDate "2023.10.10"]
[SourceVersion "1"]
[SourceVersionDate "2023.10.10"]
[SourceQuality "1"]
[WhiteTeam "Muenchen Tarrasch"]
[BlackTeam "Haunstetten"]
[WhiteTeamCountry "GER"]
[BlackTeamCountry "GER"]

1. d4 Nf6 2. c4 e6 3. Nc3 Bb4 4. Nf3 b6 5. Bg5 h6 6. Bh4 g5 7. Bg3 Ne4 8. Qc2 Bb7 9. e3 Nxg3 10. hxg3 Qe7 11. g4 Bxc3+ 12. Qxc3 Qf6 13. Be2 d6 14. Rh2 Nd7 15. Nd2 c5 16. Bd3 cxd4 17. Qxd4 Qe5 18. g3 Ke7 19. Be4 Bxe4 20. Nxe4 Rac8 21. b3 Qxd4 22. exd4 d5 23. Nd2 dxc4 24. Nxc4 Nf6 25. Ne3 Rcd8 26. Rd1 1/2-1/2

[Event "Landesliga Sued 1920"]
[Site "Bayern"]
[Date "2020.02.09"]
[Round "6.2"]
[White "Reimann, Sebastian"]
[Black "Boettger, Lukas"]
[Result "0-1"]
[WhiteElo "2177"]
[BlackElo "2233"]
[PlyCount "170"]
[EventDate "2019.09.29"]
[EventType "team-tourn"]
[EventRounds "9"]
[EventCountry "GER"]
[SourceTitle "EXT 2021"]
[Source "ChessBase"]
[SourceDate "2020.10.23"]
[SourceVersion "1"]
[SourceVersionDate "2020.10.23"]
[SourceQuality "1"]
[WhiteTeam "Kriegshaber"]
[BlackTeam "Haunstetten"]
[WhiteTeamCountry "GER"]
[BlackTeamCountry "GER"]

1. Nf3 c5 2. g3 Nc6 3. Bg2 g6 4. 0-0 Bg7 5. c4 e6 6. Nc3 Nge7 7. d3 0-0 8. Bf4 d5 9. cxd5 exd5 10. Rc1 b6 11. Qd2 Bb7 12. Bh6 d4 13. Bxg7 Kxg7 14. Ne4 h6 15. Qf4 Nd5 16. Qd6 f5 17. Ne5 Nce7 18. Qxd8 Raxd8 19. Nd2 Kf6 20. Nec4 Bc6 21. a4 a5 22. b3 Nc8 23. Rfe1 Rfe8 24. Nb1 Re6 25. f4 g5 26. Ne5 gxf4 27. Nxc6 Rxc6 28. Bxd5 Rxd5 29. gxf4 Re6 30. Nd2 Rd8 31. Nc4 Ne7 32. Kf2 Nd5 33. Kf3 Rde8 34. Rc2 Ne3 35. Rcc1 Nd5 36. Rc2 Rg8 37. e4 Rg4 38. e5+ Ke7 39. Rf2 Rxf4+ 40. Ke2 Rxf2+ 41. Kxf2 Nf4 42. Rd1 Ng6 43. Re1 Kd7 44. h4 Kc6 45. h5 Nf4 46. Rd1 Nxh5 47. Kf3 Rg6 48. Rh1 Ng7 49. Kf4 Kd5 50. Kf3 h5 51. Rh2 Kc6 52. Rh1 b5 53. axb5+ Kxb5 54. Ra1 Kb4 55. Rxa5 h4 56. Ra1 Kxb3 57. Rh1 Rg4 58. Na5+ Kc3 59. Nb7 Ne6 60. Rc1+ Kd2 61. Ra1 h3 62. Ra2+ Kxd3 63. Ra3+ Kc4 64. Kf2 d3 65. Nd6+ Kd4 66. Nxf5+ Kxe5 67. Ne3 Rd4 68. Ra1 c4 69. Kg3 c3 70. Kxh3 c2 71. Rc1 Nf4+ 72. Kh2 Ne2 73. Rxc2 dxc2 74. Nxc2 Rd2 75. Ne1 Ke4 76. Kg2 Nf4+ 77. Kh1 Rd1 78. Kh2 Rxe1 79. Kg3 Rg1+ 80. Kf2 Rg2+ 81. Ke1 Ke3 82. Kd1 Rh2 83. Kc1 Kd3 84. Kb1 Kc3 85. Ka1 Kb3 0-1

[Event "Landesliga Sued 1819"]
[Site "Bayern"]
[Date "2019.03.24"]
[Round "8.2"]
[White "Boettger, Lukas"]
[Black "Desnica, Vladan"]
[Result "1-0"]
[WhiteElo "2264"]
[BlackElo "2300"]
[PlyCount "109"]
[EventDate "2018.10.21"]
[EventType "team-tourn"]
[EventRounds "9"]
[EventCountry "GER"]
[SourceTitle "EXT 2022"]
[Source "ChessBase"]
[SourceDate "2021.10.06"]
[SourceVersion "1"]
[SourceVersionDate "2021.10.06"]
[SourceQuality "1"]
[WhiteTeam "Haunstetten TSV"]
[BlackTeam "Trostberg TSV"]
[WhiteTeamCountry "GER"]
[BlackTeamCountry "GER"]

1. c4 g6 2. d4 Bg7 3. e4 Nc6 4. Ne2 d6 5. Be3 e5 6. Nbc3 exd4 7. Nxd4 Nge7 8. Nxc6 bxc6 9. Bd4 f6 10. h4 0-0 11. h5 c5 12. Be3 Be6 13. hxg6 hxg6 14. Qd2 Kf7 15. Be2 Qd7 16. 0-0-0 Rh8 17. f4 Rxh1 18. Rxh1 Rh8 19. Qd1 Rxh1 20. Qxh1 f5 21. Bd2 Kg8 22. Qh4 Nc6 23. exf5 gxf5 24. Qh5 Nd4 25. Bd3 c6 26. Nd1 Qf7 27. Qxf7+ Kxf7 28. Ne3 Bf6 29. Bc3 d5 30. Kd2 dxc4 31. Bxc4 Bh4 32. b4 Bxc4 33. Nxc4 Be7 34. Bxd4 cxd4 35. Ne5+ Ke6 36. Nxc6 Bd6 37. Nxd4+ Kd5 38. Kd3 Bxf4 39. Nxf5 Bg5 40. Nd4 Be7 41. Nc2 a6 42. a4 Bf8 43. Ne3+ Ke5 44. Kc4 Bd6 45. a5 Kf4 46. Nd5+ Kg3 47. Nc3 Kxg2 48. Ne4 Be7 49. Nc5 Kf3 50. Nxa6 Bd8 51. Nc5 Bc7 52. Ne6 Bb8 53. b5 Ke4 54. b6 Ke5 55. a6 1-0

[Event "Landesliga Sued 1819"]
[Site "Bayern"]
[Date "2019.02.24"]
[Round "7.2"]
[White "Urankar, Hans Peter"]
[Black "Boettger, Lukas"]
[Result "0-1"]
[WhiteElo "2137"]
[BlackElo "2264"]
[PlyCount "66"]
[EventDate "2018.10.21"]
[EventType "team-tourn"]
[EventRounds "9"]
[EventCountry "GER"]
[SourceTitle "EXT 2022"]
[Source "ChessBase"]
[SourceDate "2021.10.06"]
[SourceVersion "1"]
[SourceVersionDate "2021.10.06"]
[SourceQuality "1"]
[WhiteTeam "Unterhaching"]
[BlackTeam "Haunstetten TSV"]
[WhiteTeamCountry "GER"]
[BlackTeamCountry "GER"]

1. d4 e6 2. Nf3 c5 3. c3 Nc6 4. Bf4 cxd4 5. cxd4 Qb6 6. Bc1 Nf6 7. Nc3 d5 8. e3 Ne4 9. Bd3 f5 10. 0-0 Bd6 11. Be2 0-0 12. Qb3 Qxb3 13. axb3 Bb4 14. Na2 Ba5 15. Ne1 Bd7 16. Nd3 Bd8 17. f3 Nd6 18. Bd2 Na5 19. Nac1 Nc6 20. Na2 Bg5 21. f4 Ne4 22. Be1 Be7 23. Nf2 a6 24. Nxe4 dxe4 25. Bd2 Bd6 26. Rfc1 Rfc8 27. g3 Rc7 28. Kf2 Rac8 29. Rc2 Kf7 30. Rac1 Ke7 31. Bd1 h6 32. Nb4 Nxb4 33. Rxc7 Nd3+ 0-1

[Event "Landesliga Sued 1718"]
[Site "Bayern"]
[Date "2018.01.21"]
[Round "5.2"]
[White "Bintakies, Michael"]
[Black "Boettger, Lukas"]
[Result "0-1"]
[WhiteElo "2181"]
[BlackElo "2245"]
[PlyCount "108"]
[EventDate "2017.10.22"]
[EventType "team-tourn"]
[EventRounds "9"]
[EventCountry "GER"]
[SourceTitle "EXT 2022"]
[Source "ChessBase"]
[SourceDate "2021.10.06"]
[SourceVersion "1"]
[SourceVersionDate "2021.10.06"]
[SourceQuality "1"]
[WhiteTeam "Kriegshaber SK"]
[BlackTeam "Haunstetten TSV"]
[WhiteTeamCountry "GER"]
[BlackTeamCountry "GER"]

1. d4 Nf6 2. Bf4 d5 3. e3 c6 4. Bd3 g6 5. Nd2 Bg7 6. Ngf3 Nbd7 7. h3 0-0 8. 0-0 c5 9. c3 b6 10. a4 a5 11. Bh2 Bb7 12. Qe2 Bc6 13. e4 dxe4 14. Nxe4 Nxe4 15. Bxe4 Bxe4 16. Qxe4 cxd4 17. Nxd4 Nc5 18. Qe3 Qd7 19. Rfd1 Rad8 20. Qf3 Qc8 21. Nc6 Rxd1+ 22. Rxd1 Qe6 23. Qd5 Bf6 24. Qxe6 fxe6 25. Nd8 Nxa4 26. Nxe6 Rc8 27. Rd2 Kf7 28. Nc7 Bg5 29. f4 Bf6 30. Nb5 Rc5 31. Na3 b5 32. Kf1 b4 33. cxb4 Rc1+ 34. Ke2 Bxb2 35. Rxb2 Nxb2 36. bxa5 Ra1 37. Nc2 Rxa5 38. Nd4 Nc4 39. Bg1 Nd6 40. Be3 Nf5 41. Nf3 Ra2+ 42. Bd2 Ng3+ 43. Kf2 Ne4+ 44. Ke3 Nxd2 45. Nxd2 Ra3+ 46. Kf2 Kf6 47. Nf3 h6 48. g4 g5 49. f5 e6 50. fxe6 Kxe6 51. h4 gxh4 52. Nxh4 Ke5 53. Nf5 h5 54. Ne3 Kf4 0-1

[Event "BL2-Ost 1617"]
[Site "Germany"]
[Date "2017.03.19"]
[Round "10.8"]
[White "Wichmann, Cliff"]
[Black "Boettger, Lukas"]
[Result "1/2-1/2"]
[WhiteElo "2308"]
[BlackElo "2244"]
[PlyCount "31"]
[EventDate "2016.10.14"]
[EventType "team-tourn"]
[EventRounds "10"]
[EventCountry "GER"]
[SourceTitle "CBM 177 Extra"]
[Source "ChessBase"]
[SourceDate "2017.04.27"]
[SourceVersion "1"]
[SourceVersionDate "2017.04.27"]
[SourceQuality "1"]
[WhiteTeam "Nickelhuette Aue"]
[BlackTeam "Erlangen"]
[WhiteTeamCountry "GER"]
[BlackTeamCountry "GER"]

1. Nf3 Nf6 2. d4 e6 3. g3 c5 4. Bg2 Nc6 5. 0-0 cxd4 6. Nxd4 Bc5 7. c3 d5 8. Nb3 Bb6 9. a4 0-0 10. Na3 Qe7 11. Nc2 a5 12. Nbd4 Rd8 13. Be3 Bc5 14. Qc1 Bd7 15. Nb5 Rac8 16. Bxc5 1/2-1/2

[Event "BL2-Ost 1617"]
[Site "Germany"]
[Date "2017.02.19"]
[Round "8.8"]
[White "Auburger, Philipp"]
[Black "Boettger, Lukas"]
[Result "0-1"]
[WhiteElo "1987"]
[BlackElo "2244"]
[PlyCount "98"]
[EventDate "2016.10.14"]
[EventType "team-tourn"]
[EventRounds "10"]
[EventCountry "GER"]
[SourceTitle "CBM 177 Extra"]
[Source "ChessBase"]
[SourceDate "2017.04.27"]
[SourceVersion "1"]
[SourceVersionDate "2017.04.27"]
[SourceQuality "1"]
[WhiteTeam "Forchheim"]
[BlackTeam "Erlangen"]
[WhiteTeamCountry "GER"]
[BlackTeamCountry "GER"]

1. e4 c5 2. c3 d5 3. exd5 Qxd5 4. d4 Nc6 5. Nf3 Bf5 6. Be3 Nf6 7. Nbd2 cxd4 8. Bc4 dxe3 9. Bxd5 exd2+ 10. Qxd2 0-0-0 11. c4 e6 12. 0-0 exd5 13. cxd5 Rxd5 14. Qf4 Bd6 15. Qa4 Ra5 16. Qh4 Bg4 17. Ng5 Bf4 18. Nxf7 Rf8 19. f3 Rh5 20. Qe1 Bxh2+ 21. Kf2 Bd7 22. g4 Rc5 23. Kg2 Bf4 24. b4 Rb5 25. Qc3 Bc7 26. a4 Rxb4 27. Rab1 Rxb1 28. Rxb1 Rxf7 29. Rxb7 Bb6 30. Qb3 Re7 31. Rxb6 axb6 32. Qxb6 Re5 33. Kg3 g5 34. Qb3 Nd5 35. Qd3 Nf4 36. Qxh7 Re2 37. Qg8+ Nd8 38. Qxg5 Rg2+ 39. Kh4 Nde6 40. Qg8+ Kc7 41. Qa8 Ng6+ 42. Kh5 Be8 43. Qa7+ Kd8 44. Qb8+ Ke7 45. a5 Kf6 46. Kh6 Ngf4 47. g5+ Kf7 48. Qb7+ Kf8 49. Qb4+ Kg8 0-1

[Event "BL2-Ost 1617"]
[Site "Germany"]
[Date "2016.12.03"]
[Round "5.8"]
[White "Boettger, Lukas"]
[Black "Rusche, Johannes"]
[Result "1/2-1/2"]
[WhiteElo "2244"]
[BlackElo "2275"]
[PlyCount "107"]
[EventDate "2016.10.14"]
[EventType "team-tourn"]
[EventRounds "10"]
[EventCountry "GER"]
[SourceTitle "CBM 177 Extra"]
[Source "ChessBase"]
[SourceDate "2017.04.27"]
[SourceVersion "1"]
[SourceVersionDate "2017.04.27"]
[SourceQuality "1"]
[WhiteTeam "Erlangen"]
[BlackTeam "Garching"]
[WhiteTeamCountry "GER"]
[BlackTeamCountry "GER"]

1. e4 e5 2. Nf3 Nc6 3. d4 exd4 4. Nxd4 Nf6 5. Nxc6 bxc6 6. e5 Qe7 7. Qe2 Nd5 8. c4 Nb6 9. Nc3 Qe6 10. Qe4 g6 11. Bd2 Bg7 12. 0-0-0 0-0 13. Re1 f5 14. Qd3 Ba6 15. b3 Rab8 16. Qe3 Qe7 17. Kc2 Qa3 18. Bc1 Qa5 19. a3 f4 20. Qd4 c5 21. Qd2 Rbe8 22. Bb2 Rxe5 23. Bd3 d5 24. cxd5 Bxd3+ 25. Qxd3 Rxe1 26. Rxe1 f3 27. gxf3 c4 28. bxc4 Na4 29. Re7 Nxb2 30. Kxb2 Rb8+ 31. Kc2 Qxa3 32. Rxg7+ Kxg7 33. Qd4+ Kg8 34. Ne4 Qa2+ 35. Kd3 Rb3+ 36. Nc3 Qb1+ 37. Kd2 Rb2+ 38. Ke3 Qe1+ 39. Kf4 Qxf2 40. Qf6 Qxh2+ 41. Ke3 Qh6+ 42. f4 Qh3+ 43. Kd4 Rd2+ 44. Kc5 Qe3+ 45. Kb4 Rb2+ 46. Ka3 Rb8 47. Ka4 Qe8+ 48. Ka5 Rb6 49. Qe5 Qc8 50. Nb5 c6 51. Nc7 cxd5 52. c5 Rb7 53. Qxd5+ Kh8 54. Qe5+ 1/2-1/2

[Event "BL2-Ost 1617"]
[Site "Germany"]
[Date "2016.11.20"]
[Round "4.8"]
[White "Boettger, Lukas"]
[Black "Gross, Willi"]
[Result "1-0"]
[WhiteElo "2244"]
[BlackElo "2138"]
[PlyCount "129"]
[EventDate "2016.10.14"]
[EventType "team-tourn"]
[EventRounds "10"]
[EventCountry "GER"]
[SourceTitle "CBM 177 Extra"]
[Source "ChessBase"]
[SourceDate "2017.04.27"]
[SourceVersion "1"]
[SourceVersionDate "2017.04.27"]
[SourceQuality "1"]
[WhiteTeam "Erlangen"]
[BlackTeam "Bad Mergentheim"]
[WhiteTeamCountry "GER"]
[BlackTeamCountry "GER"]

1. d4 Nf6 2. c4 g6 3. Nc3 Bg7 4. e4 d6 5. f3 0-0 6. Be3 a6 7. Bd3 Nc6 8. Nge2 Bd7 9. 0-0 e5 10. d5 Ne7 11. c5 Ne8 12. Qd2 f5 13. exf5 Nxf5 14. Ne4 Nxe3 15. Qxe3 Bf5 16. N2c3 Nf6 17. Rad1 Nxe4 18. Bxe4 Rf7 19. c6 b6 20. Ne2 Qh4 21. g3 Bh6 22. Qd3 Qh3 23. Kh1 Bg5 24. Ng1 Qh5 25. Kg2 Qh6 26. Rfe1 Kh8 27. Re2 Kg8 28. Rf1 Kh8 29. Rff2 Kg8 30. Kf1 Qh5 31. Ke1 Bh6 32. h4 Bxe4 33. Rxe4 Bf8 34. Kd1 a5 35. a4 Qf5 36. Kc2 Be7 37. Ree2 Rb8 38. Re4 Bf8 39. Rf1 Bg7 40. Rfe1 Rff8 41. Rb1 b5 42. axb5 Rb6 43. Ra1 Ra8 44. Ne2 Qh3 45. Rea4 Rf8 46. Rxa5 Rbb8 47. Qe4 Qg2 48. R1a3 Qf2 49. Rc3 Qb6 50. b4 Qf2 51. Kb3 Rb6 52. Kc4 Bh6 53. Rca3 Rfb8 54. Ra2 Qe1 55. Ra1 Qf2 56. h5 Bd2 57. Rb1 gxh5 58. Qd3 Bh6 59. Rh1 Rf8 60. f4 exf4 61. Rxh5 fxg3 62. Rxh6 Rf4+ 63. Nd4 Rxd4+ 64. Qxd4 Qf1+ 65. Kb3 1-0

[Event "BL2-Ost 1617"]
[Site "Germany"]
[Date "2016.11.19"]
[Round "3.8"]
[White "Lipok, Christoph"]
[Black "Boettger, Lukas"]
[Result "1-0"]
[WhiteElo "2236"]
[BlackElo "2244"]
[PlyCount "63"]
[EventDate "2016.10.14"]
[EventType "team-tourn"]
[EventRounds "10"]
[EventCountry "GER"]
[SourceTitle "CBM 177 Extra"]
[Source "ChessBase"]
[SourceDate "2017.04.27"]
[SourceVersion "1"]
[SourceVersionDate "2017.04.27"]
[SourceQuality "1"]
[WhiteTeam "Goeggingen"]
[BlackTeam "Erlangen"]
[WhiteTeamCountry "GER"]
[BlackTeamCountry "GER"]

1. d4 Nf6 2. c4 e6 3. Nc3 Bb4 4. Qc2 0-0 5. Nf3 c5 6. dxc5 Na6 7. g3 Nxc5 8. Bg2 Nce4 9. 0-0 Nxc3 10. bxc3 Be7 11. e4 d6 12. e5 dxe5 13. Nxe5 Qc7 14. Qe2 Bd6 15. Re1 Nd7 16. Bf4 Nc5 17. Rad1 f6 18. Rxd6 Qxd6 19. Ng6 e5 20. Rd1 Qc7 21. Nxf8 Kxf8 22. Be3 Be6 23. Qh5 Kg8 24. Bxc5 Qxc5 25. Bxb7 Rf8 26. Bd5 Bxd5 27. cxd5 Qxc3 28. d6 Qc6 29. Qf5 g6 30. Qe6+ Kg7 31. Qe7+ Rf7 32. Qxf7+ 1-0

[Event "Landesliga Sued 1516"]
[Site "Bayern"]
[Date "2016.01.17"]
[Round "5.7"]
[White "Boettger, Lukas"]
[Black "Unger, Michael"]
[Result "1-0"]
[WhiteElo "2151"]
[BlackElo "2053"]
[PlyCount "149"]
[EventDate "2015.10.11"]
[EventType "team-tourn"]
[EventRounds "9"]
[EventCountry "GER"]
[SourceTitle "EXT 2018"]
[Source "ChessBase"]
[SourceDate "2017.10.13"]
[SourceVersion "1"]
[SourceVersionDate "2017.10.13"]
[SourceQuality "1"]
[WhiteTeam "Garching II"]
[BlackTeam "Muenchen 36"]
[WhiteTeamCountry "GER"]
[BlackTeamCountry "GER"]

1. d4 Nf6 2. c4 Nc6 3. e3 e5 4. dxe5 Nxe5 5. Nc3 Bb4 6. Bd2 Qe7 7. Nf3 0-0 8. a3 Bxc3 9. Bxc3 d6 10. Be2 Bf5 11. Qd4 Ne4 12. Nxe5 Nxc3 13. Nc6 Qd7 14. Bf3 bxc6 15. Qxc3 Bg4 16. Be4 Bf5 17. Bf3 Bg4 18. Bxg4 Qxg4 19. 0-0 a5 20. b4 axb4 21. axb4 h6 22. h3 Qe4 23. f3 Qe6 24. e4 f5 25. exf5 Qxf5 26. Rfe1 Rxa1 27. Qxa1 Qd3 28. Re7 Rf7 29. Qa8+ Rf8 30. Qxc6 Qd4+ 31. Kh1 Qf4 32. Qe4 Qxe4 33. Rxe4 Rb8 34. b5 Kf7 35. Kg1 Ra8 36. Kf2 Ra2+ 37. Kg3 Rc2 38. h4 g6 39. Kh3 Rc3 40. Kg4 Rc2 41. g3 Rc3 42. Rf4+ Kg7 43. h5 g5 44. Re4 Kf6 45. f4 gxf4 46. Kxf4 Rc1 47. Kg4 Rc2 48. Kf4 Rc1 49. Rd4 Rh1 50. b6 Rf1+ 51. Kg4 Ke6 52. bxc7 Rf8 53. Re4+ Kd7 54. Rf4 Rg8+ 55. Kf3 Kxc7 56. Rf6 Rh8 57. Ke4 Kc6 58. Kd4 Kc7 59. Kd5 Rg8 60. Rg6 Rf8 61. Rg7+ Kb6 62. Kxd6 Rd8+ 63. Ke6 Kc5 64. g4 Kxc4 65. Rg6 Kc5 66. Kf6 Kd5 67. Rxh6 Ke4 68. Kg5 Rd4 69. Rf6 Ke5 70. Rf1 Ke6 71. h6 Ke7 72. h7 Rd5+ 73. Kg6 Rd6+ 74. Kg7 Rd4 75. Re1+ 1-0

[Event "Oberliga Ost-A 1415"]
[Site "Germany"]
[Date "2015.04.12"]
[Round "11.1"]
[White "Kuchynka, Lukas"]
[Black "Boettger, Lukas"]
[Result "1/2-1/2"]
[WhiteElo "2299"]
[BlackElo "2243"]
[PlyCount "63"]
[EventDate "2014.09.21"]
[EventType "team-tourn"]
[EventRounds "11"]
[EventCountry "GER"]
[SourceTitle "EXT 2016"]
[Source "ChessBase"]
[SourceDate "2015.10.08"]
[SourceVersion "1"]
[SourceVersionDate "2015.10.08"]
[SourceQuality "1"]
[WhiteTeam "Magdeburg Rochade"]
[BlackTeam "Coswig"]
[WhiteTeamCountry "GER"]
[BlackTeamCountry "GER"]

1. d4 Nf6 2. c4 e6 3. g3 d5 4. Bg2 dxc4 5. Nf3 a6 6. 0-0 Nc6 7. e3 Bd7 8. Bd2 Rb8 9. Qc2 b5 10. b3 Nd5 11. bxc4 Ndb4 12. Bxb4 Nxb4 13. Qe2 bxc4 14. Ne5 Bd6 15. Nxc4 Qe7 16. a3 Nc6 17. Rc1 0-0 18. Nbd2 Rfc8 19. Nxd6 cxd6 20. Qxa6 d5 21. Rc5 Ra8 22. Qd3 Rcb8 23. Qc3 Qd6 24. Bf1 h6 25. h4 Be8 26. Rb1 Rxb1 27. Nxb1 Ne7 28. Bd3 f6 29. Ra5 Rc8 30. Qb4 Qd8 31. Rc5 Rb8 32. Qd2 1/2-1/2

[Event "Oberliga Ost-A 1415"]
[Site "Germany"]
[Date "2014.12.07"]
[Round "5.2"]
[White "Hoepfl, Thomas"]
[Black "Boettger, Lukas"]
[Result "1-0"]
[WhiteElo "2296"]
[BlackElo "2243"]
[PlyCount "101"]
[EventDate "2014.09.21"]
[EventType "team-tourn"]
[EventRounds "11"]
[EventCountry "GER"]
[SourceTitle "EXT 2016"]
[Source "ChessBase"]
[SourceDate "2015.10.08"]
[SourceVersion "1"]
[SourceVersionDate "2015.10.08"]
[SourceQuality "1"]
[WhiteTeam "Halle Volksbank"]
[BlackTeam "Coswig"]
[WhiteTeamCountry "GER"]
[BlackTeamCountry "GER"]

1. e4 c5 2. Nf3 d6 3. d4 cxd4 4. Nxd4 Nf6 5. Nc3 a6 6. Bg5 e6 7. f4 Be7 8. Qf3 Qc7 9. 0-0-0 Nbd7 10. Bd3 h6 11. Qh3 Nb6 12. f5 e5 13. Nb3 Bd7 14. Rhe1 0-0-0 15. Bxf6 Bxf6 16. Qf3 Bc6 17. Nd5 Bxd5 18. exd5 Nd7 19. Re4 Kb8 20. Kb1 Rc8 21. a3 Nc5 22. Rc4 Qe7 23. Nxc5 dxc5 24. Be4 Qd6 25. Qf2 Rc7 26. h4 Rhc8 27. g4 b5 28. Rc3 c4 29. Qe1 a5 30. Rh3 b4 31. a4 Rc5 32. Qg1 b3 33. cxb3 c3 34. Rc1 cxb2 35. Rxc5 Rxc5 36. Kxb2 Bd8 37. Qf1 Bb6 38. g5 Rc7 39. Qb5 Ka7 40. b4 Rb7 41. Ka2 axb4 42. Qc6 Qxc6 43. dxc6 Rb8 44. f6 hxg5 45. fxg7 Rg8 46. h5 Rxg7 47. h6 Rg8 48. h7 Rh8 49. Rf3 Bd8 50. Rxf7+ Kb6 51. Kb3 1-0

[Event "Oberliga Ost-A 1415"]
[Site "Germany"]
[Date "2014.10.18"]
[Round "2.2"]
[White "Zebisch, Paul"]
[Black "Boettger, Lukas"]
[Result "1-0"]
[WhiteElo "2186"]
[BlackElo "2243"]
[PlyCount "63"]
[EventDate "2014.09.21"]
[EventType "team-tourn"]
[EventRounds "11"]
[EventCountry "GER"]
[SourceTitle "EXT 2016"]
[Source "ChessBase"]
[SourceDate "2015.10.08"]
[SourceVersion "1"]
[SourceVersionDate "2015.10.08"]
[SourceQuality "1"]
[WhiteTeam "Leipzig SG II"]
[BlackTeam "Coswig"]
[WhiteTeamCountry "GER"]
[BlackTeamCountry "GER"]

1. e4 c5 2. Nf3 d6 3. d4 cxd4 4. Nxd4 Nf6 5. Nc3 a6 6. Be3 e6 7. Be2 Qc7 8. f4 b5 9. Bf3 Bb7 10. a3 Nbd7 11. Qe2 Rc8 12. 0-0 Be7 13. g4 Nb6 14. g5 Nfd7 15. Bg4 Nc5 16. f5 e5 17. f6 exd4 18. fxg7 Rg8 19. Bxd4 Ne6 20. Qf2 Nxg5 21. Bxb6 Qc4 22. Bd4 h5 23. Bxc8 Bxc8 24. Qe3 Bh3 25. b3 Qe6 26. Rf4 Bg4 27. Nd5 Bd8 28. Bf6 Nh3+ 29. Kh1 Nxf4 30. Qxf4 Be2 31. Rg1 Qh3 32. Rg3 1-0

[Event "Oberliga Ost-A 1415"]
[Site "Germany"]
[Date "2014.09.21"]
[Round "1.1"]
[White "Lechtynsky, Jiri"]
[Black "Boettger, Lukas"]
[Result "1/2-1/2"]
[WhiteElo "2366"]
[BlackElo "2243"]
[PlyCount "30"]
[EventDate "2014.09.21"]
[EventType "team-tourn"]
[EventRounds "11"]
[EventCountry "GER"]
[SourceTitle "EXT 2016"]
[Source "ChessBase"]
[SourceDate "2015.10.08"]
[SourceVersion "1"]
[SourceVersionDate "2015.10.08"]
[SourceQuality "1"]
[WhiteTeam "Hoyerswerda"]
[BlackTeam "Coswig"]
[WhiteTeamCountry "GER"]
[BlackTeamCountry "GER"]

1. Nf3 Nf6 2. c4 e6 3. Nc3 d5 4. d4 Bb4 5. e3 0-0 6. Bd3 c5 7. 0-0 cxd4 8. exd4 dxc4 9. Bxc4 b6 10. Bg5 Bb7 11. Ne5 Nbd7 12. Qe2 Bxc3 13. bxc3 Qc7 14. Nxd7 Nxd7 15. Rac1 Qc6 1/2-1/2

[Event "Oberliga Ost-A 1314"]
[Site "Germany"]
[Date "2014.04.05"]
[Round "10.1"]
[White "Boettger, Lukas"]
[Black "Machelett, Heiko"]
[Result "1/2-1/2"]
[WhiteElo "2240"]
[BlackElo "2420"]
[PlyCount "74"]
[EventDate "2013.10.13"]
[EventType "team-tourn"]
[EventRounds "11"]
[EventCountry "GER"]
[SourceTitle "EXT 2015"]
[Source "ChessBase"]
[SourceDate "2014.11.20"]
[SourceVersion "1"]
[SourceVersionDate "2014.11.20"]
[SourceQuality "1"]
[WhiteTeam "Coswig"]
[BlackTeam "Leipzig SG II"]
[WhiteTeamCountry "GER"]
[BlackTeamCountry "GER"]

1. e4 e6 2. d4 d5 3. Nd2 Nf6 4. e5 Nfd7 5. c3 c5 6. Bd3 Nc6 7. Ne2 cxd4 8. cxd4 f6 9. exf6 Qxf6 10. Nf3 h6 11. 0-0 Bd6 12. Be3 0-0 13. Nc3 Rd8 14. Qe2 Nf8 15. Rad1 Bd7 16. Ne1 Be8 17. Qf3 Qxf3 18. Nxf3 Bh5 19. Be2 Ng6 20. g3 Nge7 21. h3 Nf5 22. g4 Nxe3 23. fxe3 Bg6 24. Bb5 Na5 25. Kg2 Rac8 26. Rf2 a6 27. Bd3 Bxd3 28. Rxd3 b5 29. Ne2 Rf8 30. Ne1 Rxf2+ 31. Kxf2 Kf7 32. Nf3 Ke7 33. Rc3 Rf8 34. Nc1 Kd7 35. Nd3 Nc6 36. Ke2 Rb8 37. Rc1 Re8 1/2-1/2

[Event "Oberliga Ost-A 1314"]
[Site "Germany"]
[Date "2014.01.18"]
[Round "6.1"]
[White "Boettger, Lukas"]
[Black "Zwahr, Paul"]
[Result "1-0"]
[WhiteElo "2240"]
[BlackElo "2363"]
[PlyCount "71"]
[EventDate "2013.10.13"]
[EventType "team-tourn"]
[EventRounds "11"]
[EventCountry "GER"]
[SourceTitle "EXT 2015"]
[Source "ChessBase"]
[SourceDate "2014.11.20"]
[SourceVersion "1"]
[SourceVersionDate "2014.11.20"]
[SourceQuality "1"]
[WhiteTeam "Coswig"]
[BlackTeam "Dresden Gruen Weiss"]
[WhiteTeamCountry "GER"]
[BlackTeamCountry "GER"]

1. d4 Nf6 2. c4 g6 3. Nc3 Bg7 4. e4 d6 5. f3 0-0 6. Be3 c5 7. Nge2 Nc6 8. d5 Ne5 9. Ng3 h5 10. Be2 h4 11. Nf1 e6 12. f4 Nxc4 13. Bxc4 b5 14. e5 bxc4 15. exf6 Bxf6 16. Nd2 Rb8 17. 0-0 Rxb2 18. Qc1 Rb4 19. Nde4 Bb7 20. Rd1 exd5 21. Nxd5 Bb2 22. Qd2 Bxd5 23. Qxd5 Bxa1 24. Rxa1 Qb6 25. Rf1 Rb1 26. Qxc4 Qb5 27. Nxd6 Qxc4 28. Nxc4 Rb4 29. Rc1 Re8 30. Kf2 Rc8 31. Kf3 Ra4 32. Rc2 Rc7 33. Ke4 Rb4 34. Kd5 Rb5 35. Nd6 c4+ 36. Nxb5 1-0